书目信息 |
| 题名: |
首都市民预防传染病手册
|
|
| 作者: | 蔡赴朝 , 丁向阳 主编 | |
| 分册: | ||
| 出版信息: | 北京 人民卫生出版社 2007 |
|
| 页数: | 89页 | |
| 开本: | 19cm | |
| 丛书名: | ||
| 单 册: | ||
| 中图分类: | R183 , R51 | |
| 科图分类: | ||
| 主题词: | 传染病--预防(卫生)--基本知识 , 传染病 , 预防(卫生) | |
| 电子资源: | ||
| ISBN: | 978-7-117-09386-6 | |
| 000 | 00888nam0 2200277 450 | |
| 001 | 1571728381 | |
| 005 | 20150129195605.67 | |
| 010 | @a978-7-117-09386-6@dCNY8.00 | |
| 100 | @a20120219d2007 em y0chiy50 ea | |
| 101 | 0 | @achi |
| 102 | @aCN@b110000 | |
| 105 | @aa z 000yy | |
| 200 | 1 | @a首都市民预防传染病手册@9shou dou shi min yu fang chuan ran bing shou ce@f蔡赴朝,丁向阳主编 |
| 210 | @a北京@c人民卫生出版社@d2007 | |
| 215 | @a89页@c图@d19cm | |
| 304 | @a北京市卫生局组织编写 | |
| 330 | @a本书分为:应知篇、预防篇、应对篇、常见传染病篇、常用信息篇,介绍了预防传染病的知识。 | |
| 606 | 0 | @a传染病@x预防(卫生)@x基本知识 |
| 606 | 0 | @a传染病 |
| 606 | 0 | @a预防(卫生) |
| 690 | @aR183@v5 | |
| 690 | @aR51@v4 | |
| 701 | 0 | @a蔡赴朝@9cai fu chao@f(1951~)@4主编 |
| 701 | 0 | @a丁向阳@9ding xiang yang@f(1959~)@4主编 |
| 801 | 0 | @aCN@bTSSF@c20150129 |
| 905 | @aZUCC@dR51@eJY360 | |
| 首都市民预防传染病手册/蔡赴朝,丁向阳主编.-北京:人民卫生出版社,2007 |
| 89页:图;19cm |
| ISBN 978-7-117-09386-6:CNY8.00 |
| 本书分为:应知篇、预防篇、应对篇、常见传染病篇、常用信息篇,介绍了预防传染病的知识。 |
| ● |
| 相关链接 |
|
|
|
|
正题名:首都市民预防传染病手册
索取号:R51/JY360
 
预约/预借
| 序号 | 登录号 | 条形码 | 馆藏地/架位号 | 状态 | 备注 |
| 1 | 7862917 | 278629174 | 学院路分馆/ [索取号:R51/JY360] | 在馆 | |
| 2 | 7862918 | 278629183 | 学院路分馆/ [索取号:R51/JY360] | 在馆 | |
| 3 | 7862919 | 278629192 | 学院路分馆/ [索取号:R51/JY360] | 在馆 |